Statistics for Tallest mountain peaks by region

Click here to take the quiz!

General Stats

  • This quiz has been taken 125 times
  • The average score is 16 of 63

Answers on the Map

Answers color-coded by a green-red scale on the quiz's map according to % correct below.
 

Answer Stats

ContinentRegionAnswer% Correct
AsiaHimalayasEverest, Kangchenjunga, Lhotse
96%
EuropeAlpsMont Blanc, Monte Rosa, Dom
84%
AfricaGreat Rift ValleyKilimanjaro, Mount Kenya, Mawensi
82%
North AmericaAlaska RangeDenali, Mount Foraker, Mount Blackburn
78%
AsiaHindu Kush/KarakoramK2, Gasherbrum 1, Broad Peak, Tirich Mir
77%
AsiaCaucasusElbrus, Gora Dykh-Tau, Shkhara
67%
AsiaJapan-Sakhalin ArcFuji, Kita-Dake, Hotaka-Dake
65%
South AmericaSouth AndesAconcagua, Ojos del Salado, Monte Pissis
61%
EuropeBritish IslesBen Nevis, Ben Macdui, Braeriach, Carrauntoohil
55%
AsiaAnatoliaMount Ararat, Uludoruk, Suphan Dagi
51%
North AmericaCascadesMount Rainier, Mount Shasta, Mount Adams
48%
OceaniaSouthern AlpsAoraki, Mount Tasman, Mount Dampier
47%
North AmericaSierra NevadasMount Whitney, Mount Williamson, White Mountain
46%
North AmericaCoastal/St. Elias RangesMount Logan, Mount St. Elias, Mount Lucania
45%
AsiaLevant RangesQurnat as Sawda, Mount Hermon, Gebel Katherîna, Mount Sinai
39%
EuropeApenninesEtna, Corno Grande, Monte Amaro
36%
OceaniaGreat Dividing RangeMount Kosciuszko, Mount Townsend, Mount Twynham
35%
North AmericaNorthern US AppalachiansMount Washington, Mount Jefferson, Mount Adams, Katahdin
35%
South AmericaNorth AndesNevado Huascarán, Nevado Yerupajá, Nevado Sajama, Volcán Chimborazo
35%
EuropeBalkansMusala, Olympus, Vihren
34%
OceaniaHawaii/PolynesiaMauna Kea, Mauna Loa, Haleakala
32%
OceaniaNew Guinea/MelanesiaCarstenz Pyramid, Puncak Mandala, Puncak Trikora
31%
AfricaWest AfricaMount Cameroon, Mount Oku, Pico Basilé
31%
North AmericaSierra Madre RangePico de Orizaba, Volcán Popocatépetl, Volcán Iztaccíhuatl
27%
AntarcticaAntarcticaVinson Massif, Mount Tyree, Mount Shinn
25%
North AmericaColorado RockiesMount Elbert, Mount Massive, Mount Harvard
24%
North AmericaBlue Ridge/Great SmokiesMount Mitchell, Mount Craig, Clingmans Dome, Spruce Knob
22%
AsiaEast ChinaYao Shan, Yushan, Xueshan, Taibai Shan
19%
AfricaAtlas MountainsJebel Toubkal, Jebel Ouanoukrim, Irhil M'Goun
18%
AsiaElburz/Zagros RangesDamavand, Alam Kuh, Sabalan
16%
EuropePyrenees & IberiaMulhacén, Pico de Aneto, Veleta
16%
North AmericaTeton/Central RockiesGannett Peak, Grand Teton, Fremont Peak
15%
North AmericaCanadian RockiesMount Robson, Mount Columbia, North Twin
15%
EuropeCarapathiansGerlachovský štít, Lomnický štít, Ladovy štít, Moldoveanu
12%
AsiaIndonesiaKinabalu, Gunung Kerinci, Gunung Rinjani
12%
South AmericaGuiana HighlandsPico da Neblina, Pico 31 de Março, Cerro Marahuaca, Monte Roraima
12%
North AmericaGuadalupe MountainsSierra Blanca Peak, Lookout Mountain, Whitewater Baldy, Guadalupe Peak
12%
North AmericaCanadian ArcticBarbeau Peak, Mount Whisler, Resolute, Mount Odin
11%
AsiaPhilippinesMount Apo, Mount Dulang-dulang, Mount Pulag
11%
North AmericaCaribbeanPico Duarte, Loma La Pelona, Loma La Rucilla, Blue Mountain
11%
AsiaTien ShanJengish Chokusu, Pshavella, Khan Tengri, Bogda Feng
10%
North AmericaGreenlandGunnbjørn Fjeld, Qaqqaq Kershaw, Qaqqaq Johnson, Mount Forel
9%
AsiaKorea/AmurPaektu-san, Puksubaek-san, Yonhwa-san, Halla-san
9%
AfricaEthiopian HighlandsRas Dashen, Weynobar, Kidis Yared
9%
AfricaSaharaEmi Koussi, Tarso Emissi, Pic Toussidé, Jabal Marrah
8%
EuropeEuropean ArcticGaldhøpiggen, Glittertinden, Store Skagastølstinden, Hvannadalshnúkur
8%
AsiaSiberiaKlyuchevskaya Sopka, Mount Ostry Tolbachik, Ichinskaya Sopka
8%
AfricaMadagascar & Indian Ocean IslandsPiton des Neiges, Gros Morne, Maromokotro, Big Ben
8%
EuropeNorthwest EuropePuy de Sancy, Plomb du Cantal, Crêt de la Neige
8%
AsiaSouthern IndiaAnamudi, Meesapulimala, Doddabetta, Pidurutalagala
7%
EuropeUral MountainsGora Narodnaya, Gora Neroyka, Gora Yamantau
6%
AfricaDrakensberg RangeThabana Ntlenyana, Makheka, Mafadi, Sapitwa Peak
6%
North AmericaGreat PlainsFishers Peak, Bartlett Mesa, Laughlin Peak, Bald Mesa
5%
AsiaArabiaJabal An-Nabi Shu'ayb, Jebel Shams, Jabal Sabir, Jabal Ferwa
5%
North AmericaCentral AmericaVolcán Tajumulco, Volcán Tacaná, Volcán Acatenango, Volcán Irazú
5%
AsiaTibetan PlateauGongga Shan, Gyala Peri, Liushi Shan
4%
AsiaMongolian SteppeGora Belukha, Khüiten Peak, Munkh Khairkhan
4%
North AmericaBrooks RangeMount Isto, Mount Hubley, Mount Chamberlin
4%
North AmericaCanadian ShieldMount Caubvick, Mount Marcy, Torngarsoak Mountain
3%
South AmericaBrazilian HighlandsPico da Bandeira, Pico do Calçado, Pico da Pedra da Mina
3%
North AmericaCanadian AppalachiansMont Jacques-Cartier, Mont de la Passe, Mont Comte, Mount Carleton
2%
OceaniaWest Australia & TasmaniaMount Ossa, Legges Tor, Giblin Peak, Mount Zeil
1%
AsiaIndochinaSaramati, Daxue Shan, Hunhua Shan
1%

Score Distribution

Percentile by Number Answered

Percent of People with Each Score

Your Score History

You have not taken this quiz